000 00371pam a2200145a 44500
008 230405s xxu||||| |||| 00| 0 eng d
041 _aENG
100 _aVARLEY H / GOWENLOCK
245 _aPRACTICAL CLINICAL BIOCHEMISTRY VOL I
250 _a4 1998
260 _aNEW DELHI
_bCBS PUBLISHERS DELHI
_c
300 _a802
650 _aPHARMACEUTICAL CHEMISTRY
906 _a381
999 _c265820
_d265820